[Event "THE FAST & FURIOUS #5"]
[Site "SchemingMind.com"]
[Date "2015.06.24"]
[Round "-"]
[White "Scooter"]
[Black "Chessibelle"]
[Result "1-0"]
[WhiteCountry "USA"]
[BlackCountry "ENG"]
[WhiteElo "1726"]
[WhiteRD "46"]
[BlackElo "1216"]
[BlackRD "58"]
[GameID "382542"]

1. d4 d5 2. Nf3 Nf6 3. Bf4 Nc6 4. e3 e6 5. Bb5 Bd7 6. O-O Be7 7. Nbd2 O-O 8. a3 Re8 9. h3 a6 10. Bxc6 Bxc6
11. c4 b5 12. c5 Nh5 13. Bh2 Nf6 14. b4 g6 15. Ne5 Bb7 16. Rc1 Bc8 17. Ndf3 Ne4 18. Nc6 Qd7 19. Nfe5
1-0

[Event "THE FAST & FURIOUS #5"]
[Site "SchemingMind.com"]
[Date "2015.06.25"]
[Round "-"]
[White "Chessibelle"]
[Black "Scooter"]
[Result "0-1"]
[WhiteCountry "ENG"]
[BlackCountry "USA"]
[WhiteElo "1216"]
[WhiteRD "58"]
[BlackElo "1726"]
[BlackRD "46"]
[GameID "382543"]

1. Nf3 Nf6 2. d4 g6 3. Nc3 Bg7 4. e3 O-O 5. Be2 d6 6. O-O Bg4 7. h3 Bxf3 8. Bxf3 Nbd7 9. Bxb7 Rb8 10. Bc6 Rb6
11. Qf3 Nb8 12. Na4 Rxc6 13. d5 Rxc2 14. b3 Nxd5 15. Rb1 Nc3 16. Ra1 Nxa4 17. bxa4 Bxa1 18. Ba3 Rxa2 19. Bb4 Rxa4 20. Bd2 Bg7
21. Qd1 Ra1 22. Bc1 Bb2 23. Qc2 Bxc1 24. Qc3 Bb2 25. Qxb2 Rxf1+
0-1

[Event "THE FAST & FURIOUS #5"]
[Site "SchemingMind.com"]
[Date "2015.06.29"]
[Round "-"]
[White "Miael_"]
[Black "Scooter"]
[Result "0-1"]
[WhiteCountry "ARG"]
[BlackCountry "USA"]
[WhiteElo "1713"]
[WhiteRD "116"]
[BlackElo "1713"]
[BlackRD "49"]
[GameID "382760"]

1. e4 c6 2. d4 d5 3. c3 dxe4 4. Bf4 Nf6 5. Bc4 Bg4 6. f3 exf3 7. Nxf3 e6 8. O-O Be7 9. Nbd2 O-O 10. Qc2 Bd6
11. Ne5 Bf5 12. Qb3 Qb6 13. Rae1 Qxb3 14. Bxb3 Bxe5 15. Bxe5 Nbd7 16. Bd6 Rfe8 17. h3 Bd3 18. Rf2 a5 19. a3 b5 20. Re3 Bg6
21. c4 a4 22. Ba2 Nb6 23. c5 Nbd5 24. Re1 h6 25. Bxd5 exd5 26. Rfe2 Rxe2 27. Rxe2 Re8 28. Re7 Rxe7 29. Bxe7 Ne4 30. Nf3 f6
31. Bd8 Kf7 32. Ba5 h5 33. Be1 Ke6 34. Nd2 Nxd2 35. Bxd2 Kf5 36. Kf2 Ke4 37. Bc3 Bf5 38. Ke2 Kf4 39. Be1 g5 40. Bf2 g4
41. g3+ Ke4 42. h4 Bg6 43. Be3 f5 44. Bf2 f4 45. gxf4 Kxf4 46. Bg1 g3
0-1

[Event "THE FAST & FURIOUS #5"]
[Site "SchemingMind.com"]
[Date "2015.06.29"]
[Round "-"]
[White "Scooter"]
[Black "Miael_"]
[Result "0-1"]
[WhiteCountry "USA"]
[BlackCountry "ARG"]
[WhiteElo "1712"]
[WhiteRD "45"]
[BlackElo "1692"]
[BlackRD "135"]
[GameID "382761"]

1. d4 d5 2. Nf3 Nc6 3. Bf4 Bf5 4. c3 Nf6 5. e3 a6 6. Be2 e6 7. O-O Be7 8. h3 O-O 9. Nbd2 h6 10. c4 dxc4
11. Nxc4 b5 12. Nce5 Nxe5 13. Nxe5 Bd6 14. Rc1 Rc8 15. Nc6 Qd7 16. Bxd6 cxd6 17. Nb4 a5 18. Nd3 Rxc1 19. Qxc1 Rc8 20. Qa1 b4
21. Rc1 Kh8 22. Rxc8+ Qxc8 23. Qc1 Qxc1+ 24. Nxc1 e5 25. Nb3 a4 26. Nd2 exd4 27. exd4 Be6 28. Bb5 Bxa2 29. Bxa4 Be6 30. b3 Nd5
31. Nc4 Nf4 32. Nxd6 Ne2+ 33. Kf1 Nxd4 34. Ke1 Nxb3 35. Bxb3 Bxb3 36. Kd2 Kg8 37. Nb5 Bc4 38. Nd4 Bf1 39. g3 Bxh3 40. Nc6 b3
41. Nd4 Be6 42. Kc3 Kh7 43. Nxb3 Bxb3 44. Kxb3 Kg6 45. Kc4 Kf5 46. Kd4 Kg4 47. Ke4 f5+ 48. Ke3 g5 49. Ke2 f4 50. gxf4 gxf4
51. Ke1 Kf3
0-1

[Event "THE FAST & FURIOUS #5"]
[Site "SchemingMind.com"]
[Date "2015.06.29"]
[Round "-"]
[White "Miael_"]
[Black "Chessibelle"]
[Result "1-0"]
[WhiteCountry "ARG"]
[BlackCountry "ENG"]
[WhiteElo "1692"]
[WhiteRD "135"]
[BlackElo "1215"]
[BlackRD "58"]
[GameID "382762"]

1. e4 e5 2. Nf3 Nc6 3. Bb5 Qf6 4. d3 Qd8 5. Nc3 Nf6 6. Bg5 Be7 7. O-O O-O 8. Bxf6 Bxf6 9. Nd5 a6 10. Ba4 b5
11. Bb3 d6 12. Nxf6+ Qxf6 13. Qd2 Qg6 14. Qg5 Kh8 15. Bd5 Bb7 16. Qxg6 fxg6 17. Ng5 h6 18. Ne6 Rf6 19. Nxc7 Rc8 20. Ne6 Nd4
21. Bxb7 Rb8 22. Nxd4 Rxb7 23. Rac1 exd4 24. c3 b4 25. cxd4 g5 26. Rc8+ Kh7 27. Rfc1 Kg6 28. R8c6 Rd7 29. Rxa6 Rdf7 30. f3 Kh5
31. e5 dxe5 32. Rxf6 Rxf6 33. Rc5 Rf4 34. dxe5 Rd4 35. e6 Rxd3 36. Re5 Rd1+ 37. Kf2 Rd2+ 38. Kg3 Rxb2 39. e7 g6 40. e8=Q Rxa2
41. Re6
1-0

[Event "THE FAST & FURIOUS #5"]
[Site "SchemingMind.com"]
[Date "2015.06.29"]
[Round "-"]
[White "Chessibelle"]
[Black "Miael_"]
[Result "0-1"]
[WhiteCountry "ENG"]
[BlackCountry "ARG"]
[WhiteElo "1215"]
[WhiteRD "58"]
[BlackElo "1692"]
[BlackRD "135"]
[GameID "382763"]

1. d4 d5 2. Nf3 Nc6 3. e3 Bg4 4. Be2 Nf6 5. O-O e6 6. Nc3 a6 7. Re1 Bb4 8. Bd2 O-O 9. a3 Bxc3 10. Bxc3 Ne4
11. Qd3 Rb8 12. b4 h6 13. h3 Bf5 14. Ne5 Nxe5 15. dxe5 Qh4 16. Bf3 Qxf2+ 17. Kh1 Ng3+ 18. Kh2 Bxd3
0-1

[Event "THE FAST & FURIOUS #5"]
[Site "SchemingMind.com"]
[Date "2015.06.29"]
[Round "-"]
[White "Miael_"]
[Black "Borgov"]
[Result "1-0"]
[WhiteCountry "ARG"]
[BlackCountry "ENG"]
[WhiteElo "1713"]
[WhiteRD "116"]
[BlackElo "1857"]
[BlackRD "74"]
[GameID "382768"]

1. e4 e6 2. d4 d5 3. e5 c5 4. c3 Nc6 5. Bb5 Bd7 6. Nf3 Nxe5 7. Bxd7+ Nxd7 8. O-O Ngf6 9. Bg5 cxd4 10. Nxd4 Qb6
11. Qb3 Be7 12. Nd2 O-O 13. Qxb6 Nxb6 14. Rfe1 h6 15. Bh4 g5 16. Bg3 Rfc8 17. Be5 Ng4 18. Bg3 Nc4 19. Nxc4 dxc4 20. h3 Nf6
21. Nf5 Bf8 22. Nd4 Bg7 23. Rad1 Rd8 24. Be5 Nd5 25. Bxg7 Kxg7 26. Nf3 Nf4 27. Ne5 Rxd1 28. Rxd1 f6 29. Nxc4 b5 30. Nd6 a6
31. Kh2 Rd8 32. Nf5+
1-0

[Event "THE FAST & FURIOUS #5"]
[Site "SchemingMind.com"]
[Date "2015.06.29"]
[Round "-"]
[White "Borgov"]
[Black "Miael_"]
[Result "1-0"]
[WhiteCountry "ENG"]
[BlackCountry "ARG"]
[WhiteElo "1857"]
[WhiteRD "74"]
[BlackElo "1713"]
[BlackRD "116"]
[GameID "382769"]

1. e4 e5 2. Nf3 Nc6 3. Bb5 a6 4. Bxc6 dxc6 5. O-O Bg4 6. h3 Bxf3 7. Qxf3 Bc5 8. d3 Qf6 9. Nd2 O-O-O 10. Qxf6 Nxf6
11. Nc4 Nd7 12. Be3 f6 13. Bxc5 Nxc5 14. f4 exf4 15. Rxf4 Ne6 16. Rf2 Rhe8 17. Raf1 Nd4 18. Ne3 Rd7 19. Nf5 Nxf5 20. Rxf5 Rde7
21. g4 Re5 22. Kg2 Kd7 23. Kf3 b6 24. Ke3 c5 25. c3 R8e7 26. Rxe5 Rxe5 27. d4 cxd4+ 28. cxd4 Rb5 29. Rf2 c5 30. d5 a5
31. h4 a4 32. g5 Ke7 33. gxf6+ gxf6 34. Kf4 Rb4 35. Kf5 b5 36. Rg2 Kf7 37. d6 Rd4 38. e5 fxe5 39. Kxe5 Rd3 40. h5
1-0

[Event "THE FAST & FURIOUS #5"]
[Site "SchemingMind.com"]
[Date "2015.06.29"]
[Round "-"]
[White "Scooter"]
[Black "Borgov"]
[Result "1-0"]
[WhiteCountry "USA"]
[BlackCountry "ENG"]
[WhiteElo "1713"]
[WhiteRD "49"]
[BlackElo "1857"]
[BlackRD "74"]
[GameID "382770"]

1. d4 Nf6 2. Nf3 g6 3. Bf4 Bg7 4. e3 d6 5. Be2 O-O 6. O-O Nbd7 7. Nbd2 Nh5 8. Bg5 h6 9. Bh4 g5 10. Bg3 Nxg3
11. hxg3 f5 12. c3 e5 13. dxe5 dxe5 14. Qc2 e4 15. Nd4 Ne5 16. Rfd1 Qe7 17. Bc4+ Kh8 18. Be2 c5 19. N4b3 Be6 20. c4 a6
21. Rac1 Rac8 22. Na1 Rfd8 23. b3 Nd3 24. Bxd3 exd3 25. Qb1 b5 26. Nf3 bxc4 27. bxc4 Rb8 28. Nb3 Qd6 29. Ne1 d2 30. Rxd2 Qxd2
31. Nxd2 Rxb1 32. Nxb1 Rb8 33. Nd2 Rb2 34. Nb3 Bf8 35. Nd3 Rxa2 36. Nbxc5 Bg8 37. Nd7 Ba3 38. Rc3 a5 39. c5 Be6 40. c6 Bb4
41. N3e5 Bxc3 42. c7
1-0

[Event "THE FAST & FURIOUS #5"]
[Site "SchemingMind.com"]
[Date "2015.06.29"]
[Round "-"]
[White "Borgov"]
[Black "Scooter"]
[Result "1-0"]
[WhiteCountry "ENG"]
[BlackCountry "USA"]
[WhiteElo "1909"]
[WhiteRD "86"]
[BlackElo "1712"]
[BlackRD "45"]
[GameID "382771"]

1. d4 Nf6 2. c4 g6 3. Nc3 Bg7 4. e4 d6 5. f4 Bg4 6. Nf3 Nfd7 7. Be2 O-O 8. O-O Re8 9. h3 Bxf3 10. Bxf3 c6
11. Be3 Nb6 12. b3 N8d7 13. Rc1 e5 14. fxe5 dxe5 15. d5 cxd5 16. cxd5 Rc8 17. Qe2 Rc7 18. Nb5 Rxc1 19. Rxc1 Qb8 20. d6 Rc8
21. Nc7 Bf8 22. Qd2 Bxd6 23. Qxd6 Na8 24. Qxd7 Rxc7 25. Rxc7
1-0

[Event "THE FAST & FURIOUS #5"]
[Site "SchemingMind.com"]
[Date "2015.06.30"]
[Round "-"]
[White "Borgov"]
[Black "Chessibelle"]
[Result "1-0"]
[WhiteCountry "ENG"]
[BlackCountry "ENG"]
[WhiteElo "1909"]
[WhiteRD "86"]
[BlackElo "1215"]
[BlackRD "58"]
[GameID "382772"]

1. e4 e5 2. Nf3 Nc6 3. Bb5 Nf6 4. O-O d6 5. d4 Bd7 6. Nc3 Be7 7. Re1 O-O 8. Bxc6 Bxc6 9. dxe5 Nd7 10. exd6 Bxd6
11. Bg5 Nf6 12. e5 Be7 13. Qxd8 Raxd8 14. exf6 Bd6 15. fxg7 Kxg7 16. Bxd8 Rxd8 17. Rad1
1-0

[Event "THE FAST & FURIOUS #5"]
[Site "SchemingMind.com"]
[Date "2015.06.30"]
[Round "-"]
[White "Chessibelle"]
[Black "Borgov"]
[Result "0-1"]
[WhiteCountry "ENG"]
[BlackCountry "ENG"]
[WhiteElo "1215"]
[WhiteRD "58"]
[BlackElo "1909"]
[BlackRD "86"]
[GameID "382773"]

1. Nf3 Nf6 2. d4 g6 3. e3 Bg7 4. Nc3 O-O 5. Be2 d6 6. O-O Nbd7 7. Bd3 e5 8. Re1 Re8 9. e4 b6 10. Bg5 Bb7
11. b4 h6 12. Be3 Ng4 13. Bd2 exd4 14. Nxd4 Nxf2 15. Kxf2 Bxd4+ 16. Kf1 Qf6+ 17. Qf3 Bxc3 18. Bxc3 Qxc3 19. Qh3 Ne5 20. Rad1 Kg7
21. Re3 Nc4 22. Rf3 Nd2+ 23. Rxd2 Qxd2 24. Qh4 Qg5 25. Qf2 f5 26. Ke1 Bxe4 27. Qd4+ Kh7 28. Rf2 Bxd3+ 29. Kd1 Ba6 30. Rd2 Qg4+
31. Kc1 Re1+ 32. Kb2 Qxd4+ 33. Rxd4 Rae8
0-1

[Event "THE FAST & FURIOUS #5"]
[Site "SchemingMind.com"]
[Date "2015.06.30"]
[Round "-"]
[White "Miael_"]
[Black "Stephen Woodhouse"]
[Result "1/2-1/2"]
[WhiteCountry "ARG"]
[BlackCountry "ENG"]
[WhiteElo "1713"]
[WhiteRD "116"]
[BlackElo "1854"]
[BlackRD "48"]
[GameID "382785"]

1. e4 e6 2. d4 d5 3. e5 c5 4. Nf3 cxd4 5. Nxd4 Bc5 6. Be2 Ne7 7. c3 Nbc6 8. Nxc6 Nxc6 9. Qd3 Nxe5 10. Qb5+ Nd7
11. O-O O-O 12. Bd2 Qb6 13. Bf4 Qxb5 14. Bxb5 a6 15. Bd3 e5 16. Be3 Bxe3 17. fxe3 Nc5 18. Bc2 Bd7 19. Nd2 Bb5 20. Rf2 Bd3
21. Bb3 Nxb3 22. Nxb3 b6 23. Rd1 Bc4 24. Nd2 Rfd8 25. Nxc4 dxc4 26. Rfd2 Rxd2 27. Rxd2 Kf8 28. Rd6 Rb8 29. Rc6 b5 30. Rxa6 Rb7
31. Rd6 Ke7 32. Rd5 Ke6 33. Rc5 Kf5 34. Kf2 Ke4 35. Ke2 f5 36. a4 bxa4 37. Rxc4+ Kd5 38. Rxa4 Rxb2+ 39. Kf3 e4+ 40. Kg3 g5
41. Ra5+ Ke6 42. Ra6+ Kf7 43. Ra7+ Kg6 44. Ra6+ Kh5 45. c4 Rc2 46. Rf6 Rxc4 47. Rxf5 Rc3 48. Re5 Rc4 49. Re6 Ra4 50. h3 Rb4
51. Kh2 g4 52. Re5+ Kg6 53. hxg4 Ra4 54. Kg3 Kf6 55. Kf4 Ra2 56. Rf5+ Kg6 57. g3 Ra4 58. Re5 Ra1 59. Kxe4 Rg1 60. Kf3 Kf6
61. Rh5 Kg6 62. Rd5 Rf1+ 63. Kg2 Re1 64. Kf3 Rf1+ 65. Kg2 Re1= 66. Re5 Kf6 67. Re4 Re2+ 68. Kf3 Re1 69. g5+ Kxg5 70. Re7 h6
71. e4 Rf1+ 72. Kg2 Ra1 73. Rg7+ Kf6 74. Rh7 Kg6 75. Rb7 Re1 76. Kf3 Rf1+ 77. Kg2 Re1 78. Rb4 Kf6 79. Kf2 Ra1 80. Rc4=
1/2-1/2

[Event "THE FAST & FURIOUS #5"]
[Site "SchemingMind.com"]
[Date "2015.06.30"]
[Round "-"]
[White "Scooter"]
[Black "Stephen Woodhouse"]
[Result "0-1"]
[WhiteCountry "USA"]
[BlackCountry "ENG"]
[WhiteElo "1712"]
[WhiteRD "45"]
[BlackElo "1872"]
[BlackRD "48"]
[GameID "382787"]

1. d4 e6 2. Nf3 d5 3. Bf4 Bd6 4. Bxd6 Qxd6 5. c3 Nf6 6. e3 O-O 7. Nbd2 c5 8. Be2 Nc6 9. O-O Bd7 10. Bb5 cxd4
11. cxd4 Rac8 12. Rc1 a6 13. Bxc6 Rxc6 14. Rxc6 Bxc6 15. Ne5 Nd7 16. Ndf3 Nxe5 17. Nxe5 f6 18. Nxc6 Qxc6 19. Qc1 Rc8 20. Qxc6 Rxc6
21. g3 Rc2 22. Rb1 Kf7 23. Kf1 Ke7 24. Ke1 Kd6 25. a4 Kc6 26. h4 Kb6 27. b4 Kc6 28. Kf1 e5 29. dxe5 fxe5 30. g4 d4
31. exd4 exd4 32. Re1 d3 33. Rd1 Rc3 34. f3 Kd5 35. Kf2 Kd4 36. f4 Rc2+ 37. Kf3 Kc3 38. f5 Re2 39. g5 Re7 40. Rc1+ Kb2
41. Rc4 Rd7 42. f6 gxf6 43. gxf6 d2
0-1

[Event "THE FAST & FURIOUS #5"]
[Site "SchemingMind.com"]
[Date "2015.06.30"]
[Round "-"]
[White "Stephen Woodhouse"]
[Black "Scooter"]
[Result "1-0"]
[WhiteCountry "ENG"]
[BlackCountry "USA"]
[WhiteElo "1872"]
[WhiteRD "48"]
[BlackElo "1712"]
[BlackRD "45"]
[GameID "382788"]

1. e4 c6 2. d4 d5 3. exd5 cxd5 4. c4 Nf6 5. Nc3 e6 6. Nf3 Bb4 7. cxd5 Nxd5 8. Bd2 Bxc3 9. bxc3 O-O 10. Bd3 Nf6
11. O-O a6 12. Qe2 b5 13. Bg5 Nbd7 14. Ne5 h6 15. Bh4 Qc7 16. Nxd7 Nxd7 17. Qe4 g6 18. Qxa8
1-0

[Event "THE FAST & FURIOUS #5"]
[Site "SchemingMind.com"]
[Date "2015.06.30"]
[Round "-"]
[White "Borgov"]
[Black "Stephen Woodhouse"]
[Result "0-1"]
[WhiteCountry "ENG"]
[BlackCountry "ENG"]
[WhiteElo "1909"]
[WhiteRD "86"]
[BlackElo "1872"]
[BlackRD "48"]
[GameID "382789"]

1. d4 e6 2. c4 d5 3. Nc3 c5 4. cxd5 exd5 5. Nf3 Nc6 6. g3 Nf6 7. Bg2 Be7 8. O-O O-O 9. dxc5 Bxc5 10. Bg5 d4
11. Bxf6 Qxf6 12. Nd5 Qf5 13. Nf4 Bb6 14. Nd2 Qb5 15. Qb3 Qxb3 16. Nxb3 Re8 17. Rfe1 Bg4 18. h3 Be6 19. Nxe6 Rxe6 20. Rad1 Rd8
21. a4 Na5 22. Nd2 Bc5 23. Bf3 Rb6 24. Rb1 Bb4 25. Red1 Bxd2 26. Rxd2 Nc4 27. Rd3 Ne5 28. Ra3 d3 29. b4 Nxf3+ 30. exf3 d2
0-1

[Event "THE FAST & FURIOUS #5"]
[Site "SchemingMind.com"]
[Date "2015.06.30"]
[Round "-"]
[White "Stephen Woodhouse"]
[Black "Borgov"]
[Result "1/2-1/2"]
[WhiteCountry "ENG"]
[BlackCountry "ENG"]
[WhiteElo "1872"]
[WhiteRD "48"]
[BlackElo "1909"]
[BlackRD "86"]
[GameID "382790"]

1. e4 e6 2. d4 d5 3. Nd2 Nf6 4. e5 Nfd7 5. f4 c5 6. c3 Nc6 7. Ndf3 cxd4 8. cxd4 a5 9. Ne2 Nb6 10. Nc3 Bd7
11. Bd3 a4 12. O-O Be7 13. Be3 a3 14. bxa3 Rxa3 15. Nb5 Ra8 16. g4 Nb4 17. Rf2 Nxd3 18. Qxd3 Nc4 19. Nc3 Ra3 20. Rc2 Ba4
21. Rcc1 Qa5 22. Nd2 Nxe3 23. Qxe3 Bb4 24. Ndb1 Bxc3 25. Rxc3 Rxc3 26. Qxc3 Qxc3=
1/2-1/2

[Event "THE FAST & FURIOUS #5"]
[Site "SchemingMind.com"]
[Date "2015.07.01"]
[Round "-"]
[White "Chessibelle"]
[Black "Stephen Woodhouse"]
[Result "0-1"]
[WhiteCountry "ENG"]
[BlackCountry "ENG"]
[WhiteElo "1215"]
[WhiteRD "58"]
[BlackElo "1872"]
[BlackRD "48"]
[GameID "382791"]

1. Nf3 e6 2. d4 d5 3. Nc3 Nf6 4. e3 c5 5. b3 Nc6 6. Be2 Bd6 7. g3 cxd4 8. exd4 O-O 9. O-O Bd7 10. Bd3 Rc8
11. Bd2 Nb4 12. Bb5 a6 13. Be2 Nc6 14. Bg5 h6 15. Be3 Ne7 16. Qd3 Bb4 17. Nd1 Bb5 18. c4 dxc4 19. Qc2 cxb3 20. Qxb3 Bxe2
21. Re1 Bxe1 22. Nxe1 Qd5 23. Nc3 Qxb3 24. axb3 Rxc3
0-1

[Event "THE FAST & FURIOUS #5"]
[Site "SchemingMind.com"]
[Date "2015.07.01"]
[Round "-"]
[White "Stephen Woodhouse"]
[Black "Chessibelle"]
[Result "1-0"]
[WhiteCountry "ENG"]
[BlackCountry "ENG"]
[WhiteElo "1872"]
[WhiteRD "48"]
[BlackElo "1215"]
[BlackRD "58"]
[GameID "382792"]

1. e4 e5 2. Nf3 Nc6 3. d4 d5 4. exd5 Qxd5 5. Nc3 Qd8 6. d5 Nb4 7. a3 Nf6 8. axb4 Bd6 9. Bb5+ Nd7 10. O-O O-O
11. Ne4 Bxb4 12. Bxd7 Bxd7 13. Nxe5 Bf5 14. Ng3 Bc8 15. Qd4 Bd6 16. Ne4 Be7 17. Bf4 b6 18. Nc6 Qd7 19. Nxe7+ Qxe7 20. Rfe1 Qh4
21. Be5 Bf5 22. Nf6+ Kh8 23. Qxh4
1-0

[Event "THE FAST & FURIOUS #5"]
[Site "SchemingMind.com"]
[Date "2015.07.01"]
[Round "-"]
[White "Miael_"]
[Black "Ramesh Panwar"]
[Result "0-1"]
[WhiteCountry "ARG"]
[BlackCountry "IND"]
[WhiteElo "1692"]
[WhiteRD "135"]
[BlackElo "2393"]
[BlackRD "58"]
[GameID "382819"]

1. e4 e5 2. Nf3 Nc6 3. Bc4 Nf6 4. d3 Be7 5. Nc3 d6 6. h3 Na5 7. Bb3 O-O 8. Bg5 c6 9. O-O h6 10. Bxf6 Bxf6
11. Nd2 b6 12. a4 Nxb3 13. Nxb3 Be6 14. Nd2 d5 15. Nf3 Qd6 16. Re1 Rfe8 17. Kh1 a6 18. Ne2 dxe4 19. dxe4 Qb4 20. b3 Rad8
21. Qb1 Qxe4 22. Nc3 Qh7 23. Nxe5 Bxh3 24. Nxc6 Bxc3 25. Nxd8 Rxe1+
0-1

[Event "THE FAST & FURIOUS #5"]
[Site "SchemingMind.com"]
[Date "2015.07.01"]
[Round "-"]
[White "Ramesh Panwar"]
[Black "Miael_"]
[Result "1-0"]
[WhiteCountry "IND"]
[BlackCountry "ARG"]
[WhiteElo "2393"]
[WhiteRD "58"]
[BlackElo "1692"]
[BlackRD "135"]
[GameID "382820"]

1. d4 d5 2. c4 dxc4 3. e3 g6 4. Nf3 Bg7 5. Bxc4 Nf6 6. O-O O-O 7. Nc3 b6 8. e4 Bg4 9. e5 Nfd7 10. h3 Bxf3
11. Qxf3 c6 12. Rd1 e6 13. Bf4 Qe7 14. Ne4 a5 15. Bg5 f6 16. exf6 Bxf6 17. Nxf6+ Nxf6 18. Re1 Kg7 19. Rxe6 Qd8 20. Rae1 Ra7
21. Qf4 Raf7 22. Bxf6+ Rxf6 23. Re7+
1-0

[Event "THE FAST & FURIOUS #5"]
[Site "SchemingMind.com"]
[Date "2015.07.01"]
[Round "-"]
[White "Scooter"]
[Black "Ramesh Panwar"]
[Result "0-1"]
[WhiteCountry "USA"]
[BlackCountry "IND"]
[WhiteElo "1712"]
[WhiteRD "45"]
[BlackElo "2393"]
[BlackRD "58"]
[GameID "382821"]

1. d4 Nf6 2. Nf3 e6 3. Bg5 Be7 4. e3 O-O 5. Be2 h6 6. Bxf6 Bxf6 7. O-O c5 8. c3 d5 9. Nbd2 b6 10. Qc2 Nd7
11. h3 a6 12. e4 Bb7 13. e5 Be7 14. Rfe1 Qc7 15. Rac1 Rfc8 16. Nh2 cxd4
0-1

[Event "THE FAST & FURIOUS #5"]
[Site "SchemingMind.com"]
[Date "2015.07.02"]
[Round "-"]
[White "Ramesh Panwar"]
[Black "Scooter"]
[Result "1-0"]
[WhiteCountry "IND"]
[BlackCountry "USA"]
[WhiteElo "2393"]
[WhiteRD "58"]
[BlackElo "1712"]
[BlackRD "45"]
[GameID "382822"]

1. d4 Nf6 2. c4 g6 3. Nc3 Bg7 4. e4 d6 5. Nf3 Bg4 6. Be2 O-O 7. O-O Bxf3 8. Bxf3 e5 9. d5 Nbd7 10. b3 a6
11. Bg5 Re8 12. Qd2 Qc8 13. Rab1 Bf8 14. Be3 c6 15. Rfd1 cxd5 16. cxd5 Nc5 17. b4 Ncd7 18. Be2 b5 19. f3 Qc7 20. Rdc1 Qb7
21. a4 bxa4 22. Nxa4 Rec8 23. Rxc8 Rxc8 24. Qd3 Nb8 25. Nb6 Rc7 26. Rb2 Nfd7 27. Nc4 Qb5 28. g3 Rb7 29. Qb1 Rc7 30. Na5
1-0

[Event "THE FAST & FURIOUS #5"]
[Site "SchemingMind.com"]
[Date "2015.07.01"]
[Round "-"]
[White "Borgov"]
[Black "Ramesh Panwar"]
[Result "0-1"]
[WhiteCountry "ENG"]
[BlackCountry "IND"]
[WhiteElo "1909"]
[WhiteRD "86"]
[BlackElo "2393"]
[BlackRD "58"]
[GameID "382823"]

1. d4 Nf6 2. c4 e6 3. Nc3 Bb4 4. e3 O-O 5. Bd3 d5 6. Nf3 c5 7. O-O Nc6 8. a3 Bxc3 9. bxc3 b6 10. cxd5 exd5
11. Ne5 Bb7 12. Nxc6 Bxc6 13. a4 Re8 14. Qc2 c4 15. Bf5 g6 16. Bh3 Bd7 17. Bxd7 Qxd7 18. f3 Re6 19. Bd2 Rb8 20. Rae1 Qc6
21. Re2 Rbe8 22. Rfe1 Kg7 23. Kf2 Qb7 24. Qb1 Qe7 25. Qb2 h6 26. h3 Nh5 27. Qb5 Nf4
0-1

[Event "THE FAST & FURIOUS #5"]
[Site "SchemingMind.com"]
[Date "2015.07.01"]
[Round "-"]
[White "Ramesh Panwar"]
[Black "Borgov"]
[Result "1-0"]
[WhiteCountry "IND"]
[BlackCountry "ENG"]
[WhiteElo "2393"]
[WhiteRD "58"]
[BlackElo "1909"]
[BlackRD "86"]
[GameID "382824"]

1. d4 d5 2. c4 e5 3. dxe5 d4 4. Nf3 Nc6 5. Nbd2 Nge7 6. g3 Ng6 7. Bg2 Ngxe5 8. O-O Nxf3+ 9. Nxf3 Bc5 10. e3 dxe3
11. Qxd8+ Nxd8 12. Re1 O-O 13. Bxe3 Bxe3 14. Rxe3 Nc6 15. Ne1 Be6 16. Bxc6 bxc6 17. b3 Rfd8 18. Nd3 Rd6 19. Rae1 Rad8 20. Nc5 Bh3
21. Re8+
1-0

[Event "THE FAST & FURIOUS #5"]
[Site "SchemingMind.com"]
[Date "2015.07.01"]
[Round "-"]
[White "Chessibelle"]
[Black "Ramesh Panwar"]
[Result "0-1"]
[WhiteCountry "ENG"]
[BlackCountry "IND"]
[WhiteElo "1215"]
[WhiteRD "58"]
[BlackElo "2393"]
[BlackRD "58"]
[GameID "382825"]

1. Nf3 d5 2. d4 Nf6 3. e3 Bf5 4. Nc3 c6 5. Be2 e6 6. O-O Nbd7 7. Bd2 h6 8. Bd3 Ne4 9. g3 Be7 10. a3 Qc7
11. Nh4 Bxh4 12. f4 Nxc3 13. Qh5 Bxg3 14. hxg3 Nf6 15. Qh2 Nce4 16. Rfe1 g5 17. Bc1 Rg8 18. b3 gxf4 19. exf4 Rxg3+ 20. Kf1 Bh3+
21. Ke2 Qb6 22. Be3 Rxe3+ 23. Kxe3 Ng4+
0-1

[Event "THE FAST & FURIOUS #5"]
[Site "SchemingMind.com"]
[Date "2015.07.01"]
[Round "-"]
[White "Ramesh Panwar"]
[Black "Chessibelle"]
[Result "1-0"]
[WhiteCountry "IND"]
[BlackCountry "ENG"]
[WhiteElo "2393"]
[WhiteRD "58"]
[BlackElo "1215"]
[BlackRD "58"]
[GameID "382826"]

1. d4 d5 2. c4 Nf6 3. cxd5 Nxd5 4. Nf3 e6 5. e4 Bb4+ 6. Bd2 Bd6 7. exd5 exd5 8. Nc3 Nc6 9. Nxd5 O-O 10. Ne3 Re8
11. Bb5 Bd7 12. O-O Rf8 13. Re1 Re8 14. a3 a6 15. Bd3 b5 16. Qc2 Qf6 17. Nd5 Qd8 18. Bxh7+ Kh8 19. Ng5 g6 20. Bxg6 Nxd4
21. Nxf7+
1-0

[Event "THE FAST & FURIOUS #5"]
[Site "SchemingMind.com"]
[Date "2015.07.01"]
[Round "-"]
[White "Stephen Woodhouse"]
[Black "Ramesh Panwar"]
[Result "0-1"]
[WhiteCountry "ENG"]
[BlackCountry "IND"]
[WhiteElo "1872"]
[WhiteRD "48"]
[BlackElo "2393"]
[BlackRD "58"]
[GameID "382827"]

1. e4 c5 2. c3 d5 3. exd5 Qxd5 4. d4 Nf6 5. Nf3 Bg4 6. Be2 Nc6 7. O-O Rd8 8. h3 cxd4 9. hxg4 d3 10. Nd4 dxe2
11. Qxe2 e6 12. Be3 Bc5 13. Nxc6 Qxc6 14. Bxc5 Qxc5 15. Nd2 h5 16. gxh5 Nxh5 17. Nb3 Ng3
0-1

[Event "THE FAST & FURIOUS #5"]
[Site "SchemingMind.com"]
[Date "2015.07.01"]
[Round "-"]
[White "Ramesh Panwar"]
[Black "Stephen Woodhouse"]
[Result "1-0"]
[WhiteCountry "IND"]
[BlackCountry "ENG"]
[WhiteElo "2393"]
[WhiteRD "58"]
[BlackElo "1872"]
[BlackRD "48"]
[GameID "382828"]

1. d4 e6 2. c4 d5 3. Nc3 c5 4. Nf3 Nc6 5. Bf4 Nf6 6. Nb5 Qa5+ 7. Nd2 Nh5 8. Nc7+ Kd7 9. Nxa8 Nxf4 10. g3 Ng6
11. Bg2 dxc4 12. O-O b5 13. dxc5 Bb7 14. Nxc4+
1-0

[Event "THE FAST & FURIOUS #5"]
[Site "SchemingMind.com"]
[Date "2015.07.01"]
[Round "-"]
[White "Miael_"]
[Black "Phillip Beckett"]
[Result "1-0"]
[WhiteCountry "ARG"]
[BlackCountry "ENG"]
[WhiteElo "1692"]
[WhiteRD "135"]
[BlackElo "1589"]
[BlackRD "49"]
[GameID "382833"]

1. e4 e5 2. Nf3 Nc6 3. Bc4 Nf6 4. Nc3 Be7 5. d3 d6 6. h3 h6 7. Be3 O-O 8. O-O Nh7 9. a3 Ng5 10. Nxg5 Bxg5
11. Bxg5 Qxg5 12. Kh2 Kh7 13. Nd5 Qd8 14. f4 exf4 15. Rxf4 Ne7 16. Nxe7 Qxe7 17. Qh5 Be6 18. Bxe6 fxe6 19. Raf1 Rxf4 20. Rxf4 Rf8
21. Rxf8 Qxf8 22. Qh4 e5 23. Qg4 Qf7 24. Qf5+ Qxf5 25. exf5 h5 26. g4 hxg4 27. hxg4 Kh6 28. Kg3 Kg5 29. Kf3 d5 30. a4 e4+
31. dxe4 dxe4+ 32. Kxe4 Kxg4 33. Ke5 Kg5 34. a5 Kh6 35. f6 gxf6+ 36. Kxf6 a6 37. Ke6 Kg6 38. Kd7 c5 39. Kc7
1-0

[Event "THE FAST & FURIOUS #5"]
[Site "SchemingMind.com"]
[Date "2015.07.01"]
[Round "-"]
[White "Phillip Beckett"]
[Black "Miael_"]
[Result "0-1"]
[WhiteCountry "ENG"]
[BlackCountry "ARG"]
[WhiteElo "1589"]
[WhiteRD "49"]
[BlackElo "1692"]
[BlackRD "135"]
[GameID "382834"]

1. e4 c5 2. Nf3 Nc6 3. d4 cxd4 4. Nxd4 Qc7 5. Nc3 e5 6. Ndb5 Qa5 7. Nd6+ Bxd6 8. Bd2 Bb4 9. a3 Bxc3 10. Bxc3 Qc7
11. Be2 Nf6 12. O-O Nxe4 13. Qd5 Nxc3 14. bxc3 O-O 15. Bb5 d6 16. Rad1 Rd8 17. Bxc6 Qxc6 18. Qxc6 bxc6 19. c4 Ba6 20. Rfe1 Bxc4
21. Re4 Bd5 22. Re2 Rab8 23. Red2 f5
0-1